Emilia Pardo Bazán y su fascinación por la criminología / (Record no. 193481)

MARC details
000 -LEADER
campo de control de longitud fija 02140nam a2200457 i 4500
001 - NÚMERO DE CONTROL
campo de control 193481
003 - IDENTIFICADOR DE NÚMERO DE CONTROL
campo de control ES-MaACL
005 - FECHA Y HORA DE LA ÚLTIMA TRANSACCIÓN
campo de control 20250709182358.0
007 - CAMPO FIJO DE DESCRIPCIÓN FÍSICA--INFORMACIÓN GENERAL
campo de control de longitud fija ta
008 - DATOS DE LONGITUD FIJA--INFORMACIÓN GENERAL
campo de control de longitud fija 240102e202309 spca||| |||| 0|0 0dspa|
017 ## - NÚMERO DE COPYRIGHT O DE DEPÓSITO LEGAL
Número de copyright o de depósito legal DL B 13154-2023
Agencia que asigna Biblioteca de Catalunya
020 ## - NÚMERO INTERNACIONAL ESTÁNDAR DEL LIBRO
Número Internacional Estándar del Libro 9788418584831
035 ## - NÚMERO DE CONTROL DEL SISTEMA
Número de control de sistema 991061050867606706
040 ## - FUENTE DE CATALOGACIÓN
Centro catalogador/agencia de origen ES-BaBC
Lengua de catalogación cat
Normas de descripción rda
Centro/agencia transcriptor ES-BaBC
080 ## - NÚMERO DE LA CLASIFICACIÓN DECIMAL UNIVERSAL
Número de la Clasificación Decimal Universal 821.134.2Pardo Bazán, Emilia, condesa de.07
Identificador de la edición 2004
080 ## - NÚMERO DE LA CLASIFICACIÓN DECIMAL UNIVERSAL
Número de la Clasificación Decimal Universal 343.23:82
Identificador de la edición 2004
080 ## - NÚMERO DE LA CLASIFICACIÓN DECIMAL UNIVERSAL
Número de la Clasificación Decimal Universal 343.23
Subdivisión auxiliar común (460)
-- (091)
Identificador de la edición 2004
100 1# - ENTRADA PRINCIPAL--NOMBRE DE PERSONA
Nombre de persona Donis Serrano, Marisol
9 (RLIN) 161038
Término indicativo de función/relación Autor
245 10 - MENCIÓN DEL TÍTULO
Título Emilia Pardo Bazán y su fascinación por la criminología /
Mención de responsabilidad, etc. Marisol Donis.
250 ## - MENCION DE EDICION
Mención de edición Primera edición: septiembre de 2023
264 #1 - PRODUCCIÓN, PUBLICACIÓN, DISTRIBUCIÓN, FABRICACIÓN Y COPYRIGHT
Producción, publicación, distribución, fabricación y copyright Barcelona :
Nombre del de productor, editor, distribuidor, fabricante Alrevés,
Fecha de producción, publicación, distribución, fabricación o copyright septiembre de 2023
300 ## - DESCRIPCIÓN FÍSICA
Extensión 183 páginas, 10 páginas de láminas no numeradas :
Otras características físicas ilustraciones ;
Dimensiones 23 cm
336 ## - TIPO DE CONTENIDO
Término de tipo de contenido texto
Código de tipo de contenido txt
Fuente rdacontent
337 ## - TIPO DE MEDIO
Nombre/término del tipo de medio sin mediación
Código del tipo de medio n
Fuente rdamedia
338 ## - TIPO DE SOPORTE
Nombre/término del tipo de soporte volumen
Código del tipo de soporte nc
Fuente rdacarrier
490 1# - MENCIÓN DE SERIE
Mención de serie Archivos del crimen ;
Designación de volumen o secuencia 153
504 ## - NOTA DE BIBLIOGRAFÍA, ETC.
Nota de bibliografía, etc. Bibliografía (páginas 181-183)
520 ## - RESUMEN, ETC.
Sumario, etc. Todo cabe en un libro como este. Crímenes reales, la pobreza como fuente del crimen y la capacidad extraordinaria de una mujer única para desentrañar la esencia de todo ello.Emilia Pardo Bazán se basaba en esos crímenes, que tanto llamaban...
600 14 - PUNTO DE ACCESO ADICIONAL DE MATERIA--NOMBRE DE PERSONA
Nombre de persona Pardo Bazán, Emilia,
Títulos y otros términos asociados al nombre Condesa de,
Fechas asociadas al nombre 1851-1921-
Subdivisión general Crítica e interpretación
Fuente del encabezamiento o término lemac
9 (RLIN) 88986
650 #7 - PUNTO DE ACCESO ADICIONAL DE MATERIA--TÉRMINO DE MATERIA
Término de materia o nombre geográfico como elemento de entrada Delitos
Fuente del encabezamiento o término lemac
Subdivisión general En la literatura
9 (RLIN) 234774
650 #7 - PUNTO DE ACCESO ADICIONAL DE MATERIA--TÉRMINO DE MATERIA
Término de materia o nombre geográfico como elemento de entrada Delitos
Subdivisión geográfica España
Subdivisión general Historia
Fuente del encabezamiento o término lemac
9 (RLIN) 234775
830 ## - PUNTO DE ACCESO ADICIONAL DE SERIE-TÍTULO UNIFORME
Título uniforme Archivos del crimen ;
Designación de volumen o secuencia 153
9 (RLIN) 234776
852 ## - LOCALIZACIÓN
Ubicación ES-MaACL
Sublocalización o colección R.154876
Ubicación en estantería Depósito J
Número de control de estantería N-9666
itemnumber 200960
Donativo/Legado Donación: Marisol Donis
Anotaciones manuscritas Dedicatoria autógrafa de la autora
Encuadernación Encuadernación rústica con solapas
903 ## - NOMBRE PERSONAL DE DONANTE
9 161038
a Donis Serrano, Marisol
e Donante
908 ## - COLOCAR PARÁMETRO DE COMANDO (RLIN)
Colocar parámetro de comando BC
942 ## - ELEMENTOS DE ENTRADA SECUNDARIOS (KOHA)
Suprimir en OPAC No
Tipo de ítem Koha Libro impreso
Holdings
Estatus retirado Estado de pérdida Fuente del sistema de clasificación o colocación Estado de daño No para préstamo Colección Biblioteca de origen Biblioteca actual Ubicación en estantería Fecha de adquisición Fuente de adquisición Total de préstamos Signatura topográfica completa Código de barras Visto por última vez Precio de reemplazo Tipo de ítem Koha Nota pública
    Clasificación decimal universal     Libros con dedicatorias Biblioteca del Ateneo de Madrid Biblioteca del Ateneo de Madrid Depósito J 27/11/2023 Donación   N-9666 101206240 02/01/2024 02/01/2024 Libro impreso Dedicatoria autógrafa de la autora